000 01885 a2200217 4500
001 27624
005 20260407155550.0
008 260407a2005 arg spa d
003 AR-UNSa-BCEJYS
040 _aAR-UNSa-BCEJYS
_bspa
_cAR-UNSa-BCEJYS
080 _a658.11
_xClases y formas de las empresas( pequeñas y medianas empresas...Pymes)
245 1 0 _aAsociatividad, cooperación empresarial y exportación Pyme
_pexperiencias recientes en América Latina y Europa
020 _a987-20715-2-7
264 1 _aBuenos Aires :
_bCEPAL
_c2005
300 _a109 p.
_c22 cm.
505 _a1. Experiencias recientes en materia de consorcios y asociatividad empresarial exportadora: formatos, instrumentos y aprendizaje empresarial - 2. Experiencias recientes en materia de consorcios y asociatividad empresarial: formatos, instrumentos y aprendizaje empresarial - 3. Redes empresariales, tramas productivas políticas de fomento a la competitividad Pyme. Las grandes empresas industriales y el desarrollo de las redes de clientes y/o proveedores Pyme. Experiencias recientes, aprendizaje institucional y lecciones para la política pública - 4. La asociatividad empresarial y la dimensión territorial. El papel de los vínculos regionales y territoriales en el desarrollo de sinergias interempresariales y entornos procompetitivos. El rol de las instituciones locales (públicas y privadas) - 5. Asociatividad, redes microeconómicas y fomento a la competitividad de las Pyme en el MERCOSUR
942 _cBK
590 _aniveau_biblio:m niveau_hierar:0
100 1 _aSeminario Internacional Asociatividad, cooperación empresarial y exportación Pyme: experiencias recientes en América Latina y Europa (2004 : Buenos Aires)
856 4 1 _uhttps://biblioeco.unsa.edu.ar/pmb/images/libros/Asociatividad,Cooperaci?n Empresarial y Exportaci?n PyME-l117930.jpg
_yImagen de portada
_qimage/jpeg
999 _c1611
_d1611